| 000 | 00664nam a22001457a 4500 | ||
|---|---|---|---|
| 001 | 24 | ||
| 003 | OSt | ||
| 005 | 20241111124958.0 | ||
| 008 | 240904b |||||||| |||| 00| 0 eng d | ||
| 040 | _c-- | ||
| 245 |
_a7 _bSeven _c/ Cuadro Fine Art Gallery, Dubai |
||
| 260 |
_aDubai; _bCuadro Fine Art Gallery; _c2012 |
||
| 520 | _aExhibition catalog. Artists: Manal Al Dowayan (If I forget you, You don't forget Me Series), Athier (The Circle Series), Ayman Yossri Daydban (The Flag Series), Roberto Lopardo (The Mappings Series), Nadine Kanso (Ah Ya Arab), Jaffar Al Oraibi (The Interior as Exterior Series), Aidan Salakhova (The Persian Miniatures Series) | ||
| 942 |
_cBK _2lcc |
||
| 999 |
_c24 _d24 |
||